| 000 -LEADER |
| fixed length control field |
00660nam a2200229 4500 |
| 008 - FIXED-LENGTH DATA ELEMENTS--GENERAL INFORMATION |
| fixed length control field |
151015b xxu||||| |||| 00| 0 eng d |
| 020 ## - INTERNATIONAL STANDARD BOOK NUMBER |
| International Standard Book Number |
978053460132 |
| 020 ## - INTERNATIONAL STANDARD BOOK NUMBER |
| International Standard Book Number |
0534601324 |
| 041 ## - LANGUAGE CODE |
| Language code of text/sound track or separate title |
eng |
| 080 ## - UNIVERSAL DECIMAL CLASSIFICATION NUMBER |
| Universal Decimal Classification number |
329 |
| 100 1# - Rafti |
| Rafti |
Bibby, John F. |
| 245 10 - TITLE STATEMENT |
| Title |
Politics, parties, and elections in America / |
| Statement of responsibility, etc |
John F. Bibby, Brian F. Schaffner. |
| 246 14 - VARYING FORM OF TITLE |
| Title proper/short title |
Politics, parties & elections in America |
| 250 ## - |
| -- |
6th ed. |
| 260 ## - |
| -- |
Boston, MA : |
| -- |
Thomson/Wadsworth, |
| -- |
c2008. |
| 300 ## - |
| -- |
xi, 401 f. : |
| -- |
me il; |
| -- |
23 cm. |
| 650 #0 - |
| -- |
Politikë |
| 650 #0 - |
| -- |
Partitë politike |
| 650 #0 - |
| -- |
Zgjedhjet |
| 700 1# - |
| -- |
Schaffner, Brian F. |
| 942 ## - ADDED ENTRY ELEMENTS (KOHA) |
| Source of classification or shelving scheme |
|
| Item type |
Books |